78 blues (Record no. 3526)
[ view plain ]
| 000 -LEADER | |
|---|---|
| fixed length control field | 01822nam a22003734a 4500 |
| 082 04 - DEWEY DECIMAL CLASSIFICATION NUMBER | |
| Classification number | 781.640975 |
| 100 1# - MAIN ENTRY--AUTHOR NAME | |
| Personal name | Minton, John, |
| 245 10 - TITLE STATEMENT | |
| Title | 78 blues |
| 260 ## - PUBLICATION, DISTRIBUTION, ETC. (IMPRINT) | |
| Place of publication | Jackson : |
| Name of publisher | University Press of Mississippi, |
| Year of publication | c2008. |
| 300 ## - PHYSICAL DESCRIPTION | |
| Number of Pages | x, 288 p. : |
| Other physical details | ill. |
| 490 1# - SERIES STATEMENT | |
| Series statement | American made music series |
| 505 0# - FORMATTED CONTENTS NOTE | |
| Formatted contents note | Prelude: supposing we have us a little tune here -- Learning to listen -- True relations -- Let's get this dance started -- Here's one you can all sing right with us -- A special prayer on the man that's a-catching the record -- I ought to be recording right now -- A corn licker still in Georgia -- Coda: well folks, here we are again. |
| 650 #0 - SUBJECT ADDED ENTRY--TOPICAL TERM | |
| Topical Term | Folk music |
| Topical Term | Folk songs |
| Topical Term | Sound recordings |
| 856 40 - ELECTRONIC LOCATION AND ACCESS | |
| Uniform Resource Identifier | http://site.ebrary.com/lib/rucke/Doc?id=10282570 |
No items available.
